[Event "Lleida IM Closed 2012"]
[Site "Lleida ESP"]
[Date "2012.12.08"]
[Round "4.1"]
[White "Baches Garcia,G"]
[Black "Esplugas Esteve,V1"]
[Result "1/2-1/2"]
[WhiteElo "2403"]
[BlackElo "2233"]

1.c4 b6 2.Nc3 Bb7 3.e4 e6 4.Nf3 Bb4 5.Bd3 Ne7 6.Ne2 Ng6 7.a3 Bd6 8.Bb1 Nh4
9.Nxh4 Qxh4 10.Nc3 f5 11.d4 O-O 12.Be3 f4 13.Bc1 Nc6 14.Nb5 e5 15.c5 bxc5
16.dxc5 Be7 17.b4 Nd4  1/2-1/2

[Event "60th ch-HUN w 2012"]
[Site "Kisvarda HUN"]
[Date "2012.12.11"]
[Round "8"]
[White "Erdos,B"]
[Black "Dudas,E"]
[Result "0-1"]
[WhiteElo "2185"]
[BlackElo "2243"]

1.c4 b6 2.Nc3 Bb7 3.e4 e6 4.d4 Bb4 5.d5 Qh4 6.Bd3 f5 7.Nf3 Qg4 8.O-O Bxc3
9.h3 Qh5 10.bxc3 fxe4 11.Bxe4 Nf6 12.Qd4 O-O 13.Ng5 h6 14.Bf3 Qg6 15.Ne4 Nxd5
16.Ng3 Nc6 17.Qd1 Nf6 18.Bf4 d6 19.h4 e5 20.Be3 Na5 21.Bxb7 Nxb7 22.Rb1 Qg4
23.Qc2 Qxh4 24.Nf5 Qe4 25.Qxe4 Nxe4 26.Ne7+ Kf7 27.Nd5 c6 28.Nb4 Nxc3 29.Rbe1 c5
30.Nd3 Rae8 31.a3 d5 32.cxd5 Nxd5 33.Bc1 e4 34.Nb2 Na5 35.Rd1 Rd8 36.Rfe1 Nf6
37.Bd2 Nb3 38.Bc3 b5 39.a4 b4 40.Rxd8 Rxd8 41.Bxf6 Kxf6 42.Rxe4 Rd2 43.Nc4 Rd1+
44.Kh2 Nd4 45.g4 b3 46.Kg2 Rc1  0-1

[Event "III ITT JAHV McGREGOR"]
[Site "Bogota COL"]
[Date "2012.12.12"]
[Round "2.50"]
[White "Barros,C"]
[Black "Munoz Guzman,German"]
[Result "1-0"]
[WhiteElo "2238"]
[BlackElo "1751"]

1.c4 b6 2.Nc3 Nf6 3.Nf3 Bb7 4.e3 e6 5.Be2 Be7 6.O-O O-O 7.b3 d6 8.d4 c6 9.e4 Nbd7
10.h3 Qc7 11.Bf4 Rad8 12.e5 Ne8 13.Qc2 f5 14.exf6 Bxf6 15.Ne4 Be7 16.Neg5 Nef6
17.Nxe6 Qc8 18.Nxd8 Rxd8 19.Bd3 Nf8 20.Rfe1 Qc7 21.Re3 Bc8 22.Rae1 Re8 23.Qe2 Ng6
24.Bxg6 hxg6 25.Rxe7 Bd7 26.Ng5 Qc8 27.Bxd6 c5 28.d5 a6 29.Qf3 Rf8 30.Rxd7 Qxd7
31.Bxf8 Kxf8 32.d6 Kg8 33.Qa8+  1-0

[Event "19th Zadar Open B"]
[Site "Zadar CRO"]
[Date "2012.12.19"]
[Round "5.2"]
[White "Franciskovic,B"]
[Black "Pandurevic,M"]
[Result "1/2-1/2"]
[WhiteElo "2230"]
[BlackElo "2269"]

1.c4 b6 2.Nf3 Bb7 3.g3 c5 4.Bg2 e6 5.Nc3 Ne7 6.d4 cxd4 7.Nb5 Nf5 8.Nbxd4 Nxd4
9.Qxd4 Nc6 10.Qf4 d6 11.O-O Be7 12.b3 O-O 13.Rd1 Qc7 14.Bb2 Rae8 15.Nd4 Nxd4
16.Qxd4 Bf6 17.Qd2 Bxb2 18.Qxb2 Bxg2 19.Kxg2 Rd8 20.Kg1 Rd7 21.Rd3 Rfd8 22.Rad1  1/2-1/2

[Event "XLII Rilton Cup"]
[Site "Stockholm SWE"]
[Date "2012.12.30"]
[Round "4.5"]
[White "Nithander,V"]
[Black "Cicak,S"]
[Result "1/2-1/2"]
[WhiteElo "2443"]
[BlackElo "2579"]

1.c4 b6 2.Nc3 c5 3.Nf3 Bb7 4.e4 Nc6 5.d4 cxd4 6.Nxd4 Qb8 7.Nxc6 dxc6 8.Bd3 e5
9.O-O Nf6 10.f4 Bd6 11.f5 Bc5+ 12.Kh1 Qd6 13.Qf3 O-O-O 14.Bc2 Ba6 15.b3 h6
16.Rb1 Qe7 17.a4 h5 18.Bg5 h4 19.Rbd1 Rxd1 20.Rxd1 Qc7 21.Ne2 Bb7 22.h3 a5
23.Kh2 Be7 24.Be3 Nd7 25.Qg4 Bf6 26.Qf3 Kb8 27.Nc1 Ka7 28.Nd3 c5  1/2-1/2

[Event "25th Staufer Open"]
[Site "Schwaebisch Gmuend GER"]
[Date "2013.01.02"]
[Round "1.8"]
[White "Hilbenz,G"]
[Black "Kalinitschew,S"]
[Result "0-1"]
[WhiteElo "1915"]
[BlackElo "2472"]

1.c4 b6 2.g3 Bb7 3.Nf3 Bxf3 4.exf3 c5 5.d4 cxd4 6.Qxd4 Nc6 7.Qd1 e6 8.Bg2 Rc8
9.Nd2 Nge7 10.b3 Nf5 11.Bb2 h5 12.h4 Bc5 13.Ne4 Bb4+ 14.Kf1 d5 15.cxd5 exd5
16.Bh3 Nce7 17.Ng5 Qd7 18.Kg2 f6 19.Bxf5 Qxf5 20.Nh3 Rc2 21.Bd4 Rd2  0-1

[Event "Australian Open 2013"]
[Site "Cammeray AUS"]
[Date "2013.01.06"]
[Round "5.4"]
[White "Solomon,SJ"]
[Black "Ikeda,J"]
[Result "1-0"]
[WhiteElo "2410"]
[BlackElo "2345"]

1.c4 b6 2.e4 Bb7 3.Nc3 c5 4.Nge2 e6 5.g3 d6 6.Bg2 Nf6 7.O-O Nc6 8.d4 cxd4
9.Nxd4 Rc8 10.b3 Be7 11.Bb2 O-O 12.Nc2 a6 13.Qe2 Qc7 14.Rfd1 Rfe8 15.Ne3 Qb8
16.Rd2 Ne5 17.Rad1 Ned7 18.f4 Nc5 19.Ng4 Nxg4 20.Qxg4 g6 21.Qe2 Bf8 22.b4 Nd7
23.e5 Bxg2 24.Kxg2 Qc7 25.Rd4 f5 26.Qf3 Red8 27.Qd3 Qb7+ 28.Kf2 Nb8 29.Ne2 Nc6
30.Rxd6 Nxb4 31.Qb3 Nc6 32.c5 Bxd6 33.exd6 h6 34.Bf6 Rd7 35.Qxe6+ Kh7 36.Rb1 Nd8
37.Bxd8 Rcxd8 38.Nd4 Qc8 39.Rc1 bxc5 40.Nf3 Re8 41.Qd5 Qb8 42.Rd1 Red8 43.Ne5 Rxd6
44.Qf7+ Kh8 45.Kg2 g5 46.Rxd6 Rxd6 47.Qxf5 Rd2+ 48.Kh3 Qe8 49.Qf6+ Kh7 50.Nf7 Qd7+
51.f5 g4+ 52.Kxg4 Qd4+ 53.Qxd4 Rxd4+ 54.Kf3 c4 55.Ke3 Rd7 56.Ne5 Re7 57.Kf4 Rxe5
58.Kxe5 c3 59.Kd4  1-0

[Event "Marianske Lazne IM 2013"]
[Site "Marianske Lazne CZE"]
[Date "2013.01.22"]
[Round "5.2"]
[White "Roesemann,R"]
[Black "Chernyshova,N"]
[Result "0-1"]
[WhiteElo "2308"]
[BlackElo "2088"]

1.c4 b6 2.Nc3 Bb7 3.e4 e6 4.Nge2 Ne7 5.g3 f5 6.d3 g6 7.Bg2 Bg7 8.Be3 Nbc6
9.Qd2 Ne5 10.f4 Ng4 11.Bg1 Nc6 12.h3 Nh6 13.Be3 Qe7 14.O-O-O O-O-O 15.Rhe1 Rhe8
16.e5 Bf8 17.Qc2 Na5 18.Nd4 Kb8 19.a3 Nf7 20.Bxb7 Nxb7 21.Ndb5 a6 22.Nd4 c5
23.Nf3 d5 24.cxd5 exd5 25.d4 c4 26.Rg1 Na5 27.g4 Nb3+ 28.Kb1 Nh6 29.Bf2 Qd7
30.Bh4 Rc8 31.Ng5 b5 32.Qg2 b4 33.axb4 Bxb4 34.Qxd5 Qc7 35.Na2 Bd2 36.Be1 Rcd8
37.Ne6 Rxd5 38.Nxc7 Kxc7 39.Bxd2 Rxd4 40.Ba5+ Kc6 41.Rxd4 Nxd4 42.g5 Nf7
43.Rd1 Ne2 44.Nb4+ Kb5 45.Rd5+ Ka4 46.Na2 Nxf4 47.Nc3+ Kb3 48.Rd7 Rxe5 49.Rb7+ Rb5
50.Rxb5+  0-1

[Event "Marianske Lazne Open 2013"]
[Site "Marianske Lazne CZE"]
[Date "2013.01.22"]
[Round "5.6"]
[White "Kolbus,D"]
[Black "Ilandzis,S"]
[Result "1-0"]
[WhiteElo "2302"]
[BlackElo "2172"]

1.c4 b6 2.Nf3 Bb7 3.g3 Bxf3 4.exf3 c5 5.d4 cxd4 6.Qxd4 Nc6 7.Qd1 e6 8.Nc3 Bb4
9.Bd2 Nf6 10.a3 Bxc3 11.Bxc3 O-O 12.Qd6 Na5 13.Rd1 Rc8 14.Bxa5 bxa5 15.b4 axb4
16.axb4 Qb6 17.Be2 Nd5 18.Qxb6 Nxb6 19.O-O d5 20.c5 Nc4 21.Bxc4 dxc4 22.Rc1 a5
23.Rxc4 axb4 24.Rb1 Rc6 25.Rbxb4 Rfc8 26.Rb5 g6 27.f4 Rd8 28.Rb6 Rxb6 29.cxb6 Rd1+
30.Kg2 Rb1 31.Rc6 Rb3 32.Kf1 Rb2 33.Ke1 Kg7 34.Kd1 Kf6 35.Kc1 Rb5 36.Kc2 g5
37.fxg5+ Kxg5 38.Kc3 Rb1 39.Kd4 h5 40.Ke5 Rb2 41.Kd6 h4 42.gxh4+ Kxh4 43.Kc7 Kh3
44.b7 Rxb7+ 45.Kxb7 Kxh2 46.Kc7 Kg2 47.Kd6  1-0

[Event "Marianske Lazne Open 2013"]
[Site "Marianske Lazne CZE"]
[Date "2013.01.24"]
[Round "7.15"]
[White "Sedlacek,Ji"]
[Black "Ilandzis,S"]
[Result "1-0"]
[WhiteElo "2009"]
[BlackElo "2172"]

1.c4 b6 2.Nc3 e6 3.e4 Bb7 4.Nge2 Nf6 5.d3 c5 6.g3 d5 7.exd5 exd5 8.Bg2 Be7
9.O-O Qd7 10.Bg5 dxc4 11.Bxb7 Qxb7 12.dxc4 O-O 13.Nf4 Nc6 14.Qf3 h6 15.Bxf6 Bxf6
16.Nfd5 Be5 17.Rfe1 Rfe8 18.Rad1 Qc8 19.Nb5 Re6 20.Kh1 Rb8 21.Qh5 Bxb2 22.Ndc7 Rxe1+
23.Rxe1 Qd7 24.Qd5 Rd8 25.Re8+ Qxe8 26.Nxe8 Rxd5 27.cxd5 Nd8 28.Nxa7 c4 29.Nb5 c3
30.Nd4 Ba3 31.Nc7 Bc5 32.Ncb5 Kf8 33.Kg2 Ke7 34.Kf3 Nb7 35.Nc6+ Kf6 36.Nxc3 g5
37.Ne4+ Kf5 38.g4+ Kg6 39.Ne5+ Kg7 40.Nxc5 bxc5 41.Nd7 Kg6 42.Ke3 h5 43.h3 hxg4
44.hxg4 f5 45.f3 fxg4 46.fxg4 Kf7 47.Ke4 Nd6+ 48.Kd3 c4+ 49.Kd4 Ke7 50.Ne5 c3
51.Kxc3 Kf6 52.Nc4  1-0

[Event "e2e4 West Bromwich Open"]
[Site "West Bromwich ENG"]
[Date "2013.01.26"]
[Round "3"]
[White "Merry,Alan B"]
[Black "Eggleston,D"]
[Result "1/2-1/2"]
[WhiteElo "2243"]
[BlackElo "2352"]

1.c4 b6 2.Nc3 Bb7 3.e4 e5 4.Nf3 Nc6 5.d3 Bc5 6.g3 Nge7 7.Bg2 O-O 8.O-O Re8
9.Be3 Ng6 10.d4 exd4 11.Nxd4 Nxd4 12.Bxd4 Ne5 13.Bxe5 Rxe5 14.a3 a5 15.Kh1 Re8
16.Qd2 a4 17.Rad1 Bc6 18.f4 f6 19.e5 fxe5 20.Bd5+ Kh8 21.fxe5 Qe7 22.Rde1 Qe6
23.Qg2 Qg6 24.e6 Rxe6 25.Rxe6 Qxe6 26.Bxe6 Bxg2+ 27.Kxg2 dxe6 28.Rf7 Bd6
29.Nb5 h6 30.Nxd6 cxd6 31.Rd7 b5 32.Rxd6 bxc4 33.Rxe6 Rb8 34.Re2 Rb3 35.Rc2 c3
36.bxc3 Rxa3 37.c4 Rb3 38.c5  1/2-1/2

[Event "TCh-HUN 2012-13"]
[Site "Budapest HUN"]
[Date "2013.01.27"]
[Round "6"]
[White "Dencsi,T"]
[Black "Bokros,A"]
[Result "1/2-1/2"]
[WhiteElo "2338"]
[BlackElo "2458"]

1.c4 b6 2.Nf3 Bb7 3.g3 Nf6 4.Bg2 e6 5.O-O Be7 6.Nc3 O-O 7.d4 Ne4 8.Qc2 Nxc3
9.Qxc3 f5 10.b3 Bf6 11.Bb2 Qe7 12.Rfd1 d6 13.Rac1 Nd7 14.Qd2 Be4 15.b4 a5
16.b5 Rae8 17.Ba3 e5 18.c5 dxc5 19.dxc5 Nxc5 20.Bxc5 bxc5 21.Ne1 Rd8 22.Qxa5 Bxg2
23.Nxg2 f4 24.Qc3 Rxd1+ 25.Rxd1 Ra8 26.gxf4 exf4 27.Qc4+ Qf7 28.Qxc5 g5 29.h4 h6
30.Qf5 Be7 31.Qe4 Rxa2 32.Rd7 Kf8 33.Rxc7 Ra1+ 34.Kh2 f3 35.Rc8+ Kg7 36.exf3 Ra2
37.Qe5+ Qf6 38.Qxf6+ Kxf6 39.hxg5+ hxg5 40.Ne3 Rxf2+ 41.Kg3 Rd2 42.Nc4 Rd3
43.b6 Rb3 44.Rh8 Ke6 45.Rh6+ Bf6 46.Nd6 Rxb6 47.Ne8 Kf7 48.Rxf6+ Rxf6 49.Nxf6 Kxf6
50.f4 gxf4+ 51.Kxf4  1/2-1/2

[Event "TCh-CZE Div1 Zapad 2012-13"]
[Site "Czech Republic CZE"]
[Date "2013.02.24"]
[Round "8.2"]
[White "Novotny,M1"]
[Black "Hinks Edwards,T"]
[Result "1/2-1/2"]
[WhiteElo "2274"]
[BlackElo "2414"]

1.c4 b6 2.Nf3 Bb7 3.g3 Bxf3 4.exf3 c5 5.d4 cxd4 6.Qxd4 Nc6 7.Qd1 e6 8.Nc3 Nf6
9.Be2 Be7 10.O-O O-O 11.b3 d5 12.cxd5 Nxd5 13.Nxd5 exd5 14.Bb5 Rc8 15.Bf4 Bf6
16.Ba6 Bxa1 17.Qxa1 Qd7 18.Bxc8 Rxc8 19.Rd1 f6 20.h4 Kf7 21.Qb1 g6 22.Qd3 Ne7
23.Kg2 Rc6 24.h5 Qf5 25.Qxf5 gxf5 26.Bb8 a6 27.Rd2 Ke6 28.Bf4 b5 29.Be3 Rc3
30.Bd4 Rc1 31.Bb2 Rc8 32.Re2+ Kf7 33.Ba3 Nc6 34.Bd6 Re8 35.Rc2 Rc8 36.a4 Ke6
37.Ba3 bxa4 38.bxa4 Kd7 39.Bb2 Ke6 40.Ba1 Ne7 41.Rb2 Rc4 42.Rb6+ Rc6 43.Rb7 Rc4
44.Rb6+ Rc6 45.Rb7 Rc4  1/2-1/2

[Event "TCh-SVK Extraliga 2012-13"]
[Site "Slovakia SVK"]
[Date "2013.03.01"]
[Round "9.4"]
[White "Ftacnik,L"]
[Black "Lipka,J"]
[Result "1-0"]
[WhiteElo "2547"]
[BlackElo "2441"]

1.c4 b6 2.Nc3 Bb7 3.e4 e6 4.Nf3 Bb4 5.Bd3 Ne7 6.O-O O-O 7.a3 Bxc3 8.dxc3 Ng6
9.Bg5 f6 10.Be3 Nc6 11.Nd2 f5 12.f4 Nce7 13.Qc2 c5 14.b4 Qc7 15.bxc5 bxc5
16.Nb3 d6 17.Rae1 a5 18.Bc1 Qd7 19.Qe2 a4 20.Nd2 Rae8 21.exf5 exf5 22.Qe6+ Qxe6
23.Rxe6 Rd8 24.Nf3 h6 25.Kf2 Kf7 26.Re2 Bc6 27.Rfe1 Rfe8 28.g3 Bd7 29.Bc2 Nc8
30.Rd2 Rxe1 31.Nxe1 Nge7 32.Ng2 g6 33.Ne3 Bc6 34.g4 Kf6 35.h4 Bd7 36.g5+ hxg5
37.fxg5+ Kf7 38.Kg3 Bc6 39.h5 gxh5 40.Nxf5 Nxf5+ 41.Bxf5 Ne7 42.Bc2 Kg7 43.Re2 Ng6
44.Re6 h4+ 45.Kh2 Be8 46.Bxg6 Bxg6 47.Bf4 Bf7 48.Rh6 Bxc4 49.Bxd6 Re8 50.Bxc5 Re2+
51.Kg1 Re4 52.Bd4+ Kf7 53.g6+ Ke6 54.g7+ Kf5 55.Rf6+ Kg5 56.Rf8 Rg4+ 57.Kh2  1-0

[Event "Jersey Masters 2013"]
[Site "St Clement Bay JCI"]
[Date "2013.03.09"]
[Round "6"]
[White "Stone,A ENG"]
[Black "Hadi,Justin"]
[Result "1-0"]
[WhiteElo "2196"]
[BlackElo "2068"]

1.c4 b6 2.Nc3 Bb7 3.e4 c5 4.Nf3 d6 5.d4 cxd4 6.Nxd4 Nf6 7.f3 Nbd7 8.Be3 a6
9.Be2 e6 10.O-O Be7 11.Rc1 Qc7 12.Qe1 O-O 13.Qf2 Rfe8 14.Rfd1 Rac8 15.Kh1 Bd8
16.Ndb5 axb5 17.Nxb5 Qb8 18.Nxd6 Bc7 19.Nxe8 Rxe8 20.Qg1 h5 21.Rc2  1-0

[Event "3rd HD Bank Cup 2013"]
[Site "Ho Chi Minh City VIE"]
[Date "2013.03.20"]
[Round "3.43"]
[White "Pham Bich Ngoc"]
[Black "Le Hoang Tran Chau"]
[Result "1/2-1/2"]
[WhiteElo "2199"]
[BlackElo "2080"]

1.c4 b6 2.e4 Bb7 3.Nc3 e6 4.g3 Bb4 5.Bg2 Bxc3 6.dxc3 f5 7.Qe2 Nf6 8.Bg5 Bxe4
9.Bxe4 fxe4 10.Bxf6 Qxf6 11.Qxe4 Nc6 12.Ne2 O-O 13.O-O Ne5 14.f4 Nf7 15.Rad1 Nd6
16.Qd4 Qf5 17.b3 Rf6 18.Qd3 Qc5+ 19.Nd4 a5 20.Rfe1 a4 21.Re5 Qa3 22.Re2 axb3
23.axb3 Rf7 24.b4 Qa6 25.c5 bxc5 26.bxc5 Nf5 27.Qxa6 Rxa6 28.Nxf5 Rxf5 29.Rxd7 Rxc5
30.Rd3 Kf7 31.Kf2  1/2-1/2

[Event "O2C Doeberl Cup Premier 2013"]
[Site "Canberra AUS"]
[Date "2013.03.28"]
[Round "2.5"]
[White "Zhao Zong Yuan"]
[Black "Ikeda,J"]
[Result "1-0"]
[WhiteElo "2537"]
[BlackElo "2362"]

1.c4 b6 2.Nc3 Bb7 3.d4 Nf6 4.Qc2 d5 5.cxd5 Nxd5 6.e4 Nxc3 7.bxc3 e5 8.Nf3 exd4
9.Bc4 Bc5 10.cxd4 Bb4+ 11.Kf1 O-O 12.Bb2 Qe7 13.Bd3 Rc8 14.a3 Ba5 15.e5 g6
16.Be4 Bxe4 17.Qxe4 c6 18.Rc1 Na6 19.h4 Qe6 20.h5 Qd5 21.Qe2 b5 22.Ng5 Bd8
23.Nxh7 g5 24.Nxg5 Bxg5 25.Qg4 f6 26.f4 Qe4 27.Rh4 Qd3+ 28.Kg1 Kh8 29.fxg5 Qd2
30.Rf1 Qxb2 31.Rxf6 Rc7 32.Qf5 Qa2 33.g6  1-0

[Event "O2C Doeberl Cup Premier 2013"]
[Site "Canberra AUS"]
[Date "2013.03.29"]
[Round "4.20"]
[White "Wright,N"]
[Black "Davis,T2"]
[Result "1-0"]
[WhiteElo "2182"]
[BlackElo "1936"]

1.c4 b6 2.e4 Bb7 3.Nc3 e6 4.d4 Bb4 5.Bd3 f5 6.Qe2 Nf6 7.Bg5 fxe4 8.Bxe4 Bxe4
9.Bxf6 Qxf6 10.Qxe4 Nc6 11.Nf3 O-O-O 12.O-O Bxc3 13.bxc3 d5 14.Qe2 Rhe8 15.Rfe1 Kb7
16.c5 g5 17.a4 g4 18.Ne5 Nxe5 19.dxe5 Qf4 20.cxb6 axb6 21.a5 Qc4 22.Qc2 b5
23.Qxh7 Qxc3 24.a6+ Ka8 25.Rac1 Qa5 26.Red1 Rh8 27.Qf7 Qb6 28.Qxc7 Qxc7 29.Rxc7 Rc8
30.Rb7 Rb8 31.Rb1 Rhc8 32.g3 Rxb7 33.axb7+ Kxb7 34.Rxb5+ Kc6 35.Rb4 Rg8 36.Kg2 Kc5
37.Rb1 d4 38.f4 gxf3+ 39.Kxf3 Kc4 40.h4 Kd3 41.g4 Rf8+ 42.Kg3 Kc2 43.Rb6 d3
44.Rc6+ Kd1 45.Rd6 d2 46.g5 Ke2 47.Kg4 d1=Q 48.Rxd1 Kxd1 49.g6 Ke2 50.h5 Ke3
51.g7 Rf1 52.Kg5 Ke4 53.Kg6  1-0

[Event "O2C Doeberl Cup Premier 2013"]
[Site "Canberra AUS"]
[Date "2013.03.29"]
[Round "4.6"]
[White "Stojic,D"]
[Black "Cheng,Bo"]
[Result "1/2-1/2"]
[WhiteElo "2228"]
[BlackElo "2425"]

1.c4 b6 2.Nc3 Bb7 3.e4 e6 4.Nge2 Nf6 5.e5 Ng4 6.d4 Qh4 7.Ng3 d6 8.h3 Nh6
9.exd6 Bxd6 10.Qd3 O-O 11.Nge4 Bb4 12.Bd2 Nf5 13.g3 Bxe4 14.Nxe4 Bxd2+ 15.Nxd2 Qxd4
16.Qxd4 Nxd4 17.Bg2 Nbc6 18.O-O-O Rad8 19.Ne4 Ne5 20.c5 Ndf3 21.cxb6 axb6
22.Rxd8 Rxd8 23.Rd1 Rxd1+ 24.Kxd1 Kf8 25.a4 f5 26.Nc3 c5 27.Nb5 g5 28.Bxf3 Nxf3
29.Nc7 Ke7 30.Na8 Ne5 31.Nxb6 Kd6 32.b3 Kc7 33.a5 Kb7 34.Na4 Nd7 35.Kc2 Ka6
36.Kc3 Kb5 37.a6 Kxa6 38.Kc4 Ne5+ 39.Kxc5 Nd3+ 40.Kd6 Nxf2 41.Nc5+ Kb6 42.Nxe6 Nxh3
43.Ke5 f4 44.gxf4 g4 45.Ke4 Nf2+ 46.Ke3 Nd1+ 47.Ke2 Nc3+ 48.Ke3 Nd5+ 49.Kf2 Ka5
50.f5 Kb4 51.Kg3 Kxb3  1/2-1/2

[Event "TCh-HUN 2012-13"]
[Site "Nagykanizsa HUN"]
[Date "2013.04.21"]
[Round "9"]
[White "Szabo,R"]
[Black "Gara,T"]
[Result "1-0"]
[WhiteElo "2192"]
[BlackElo "2385"]

1.c4 b6 2.Nc3 Bb7 3.Nf3 e6 4.d3 f5 5.e4 Bb4 6.e5 Ne7 7.a3 Bxc3+ 8.bxc3 O-O
9.Be2 d6 10.O-O Nbc6 11.exd6 Qxd6 12.d4 Ng6 13.a4 Rfe8 14.Ba3 Qd7 15.Re1 Rad8
16.Qc2 Na5 17.Nd2 Nf4 18.Bf1 e5 19.Bb2 e4 20.Nb3 Nxb3 21.Qxb3 Qf7 22.Rad1 Qg6
23.Qc2 Nd3 24.Re2 f4 25.Bc1 Ba6 26.f3 Bxc4 27.Rxe4 Rxe4 28.fxe4 f3 29.Bxd3 Bxd3
30.Rxd3 Qxe4 31.Qb3+ Kh8 32.Rxf3 h6 33.h3 Qe1+ 34.Rf1 Qh4 35.Qf7 Qg3 36.Qf3 Qg6
37.Ba3 Qc2 38.Qc6 Qb3 39.Be7  1-0

[Event "FSIMB May 2013"]
[Site "Budapest HUN"]
[Date "2013.05.06"]
[Round "3.2"]
[White "Battey,A"]
[Black "Zaibi,A"]
[Result "1-0"]
[WhiteElo "2306"]
[BlackElo "2285"]

1.c4 b6 2.d4 Bb7 3.Nc3 e6 4.a3 Nf6 5.Nf3 Be7 6.d5 O-O 7.e4 d6 8.Bd3 e5 9.O-O Nbd7
10.b4 Nh5 11.g3 g6 12.Bh6 Ng7 13.Qd2 Nf6 14.Bg5 Bc8 15.Bh4 Bg4 16.Be2 Nfh5
17.Bxe7 Qxe7 18.Nxe5 Bxe2 19.Nc6 Qf6 20.Nxe2 Qf3 21.Nc3 f5 22.Nd4 Qg4 23.f3 Qh3
24.Qg2 Qxg2+ 25.Kxg2 fxe4 26.Nxe4 Nf5 27.Nxf5 Rxf5 28.Nc3 a6 29.Rae1 Kf8
30.Ne2 Ng7 31.Nd4 Rf6 32.Re4 Re8 33.Rfe1 Rxe4 34.Rxe4 Rf7 35.g4 Rd7 36.Nc6 Rf7
37.a4 Ne8 38.Nd8 Re7 39.Ne6+ Kg8 40.Ng5 Rxe4 41.Nxe4 h6 42.h4 Kf7 43.Kf2 Ke7
44.Ke3 Kd7 45.Kd4 c6 46.dxc6+ Kxc6 47.b5+ axb5 48.axb5+ Kd7 49.Nc3 Nc7 50.Nd5 Ne6+
51.Ke3 Nc5 52.Nxb6+ Ke6 53.Nd5 Ke5 54.Nb4 Na4 55.Nd3+ Kf6 56.Kd4 Ke7 57.Nf4 g5
58.hxg5 hxg5 59.Nd5+ Kd7 60.Nc3 Nc5 61.Ne4 Ne6+ 62.Kc3 Kc7 63.Kb4 Nf4 64.Nxg5 Nd3+
65.Kc3 Ne5 66.Kd4 Kb7 67.c5  1-0

[Event "Open Hradec Kralove 2013"]
[Site "Hradec Kralove CZE"]
[Date "2013.05.19"]
[Round "6"]
[White "Tsapanidis,V"]
[Black "Young,M"]
[Result "0-1"]
[WhiteElo "1770"]
[BlackElo "1899"]

1.c4 b6 2.d4 Bb7 3.Nc3 e6 4.a3 f5 5.Bf4 Nf6 6.e3 Be7 7.h3 O-O 8.Nf3 Ne4 9.Rc1 d6
10.Bd3 Nxc3 11.Rxc3 Nd7 12.O-O Qe8 13.Bg5 Bxf3 14.Qxf3 Bxg5 15.e4 g6 16.Re1 Bd2
17.Re2 Bxc3 18.bxc3 fxe4 19.Qxe4 Qf7 20.Qc6 Nf6 21.Re3 Qd7 22.Qf3 Nd5 23.Qxf8+ Rxf8
24.cxd5 exd5 25.c4 dxc4 26.Bxc4+ d5 27.Bf1 Qf5 28.f3 Qf4 29.Rd3 Re8 30.Kf2 Qc1
31.Be2 Qc2  0-1

[Event "7th IBC Limburg Open"]
[Site "Limburg NED"]
[Date "2013.05.20"]
[Round "6.6"]
[White "Dambacher,M"]
[Black "Broekmeulen,Ja"]
[Result "0-1"]
[WhiteElo "2500"]
[BlackElo "2424"]

1.c4 b6 2.d4 Nf6 3.f3 Nc6 4.d5 Ne5 5.e4 e6 6.Be3 Bb4+ 7.Nc3 O-O 8.Nh3 Qe7
9.Be2 Ba6 10.Bf4 Nxc4 11.d6 cxd6 12.Qa4 d5 13.Qxa6 Nxb2 14.Bd2 Qc5 15.Nd1 Bxd2+
16.Kxd2 Qb4+ 17.Ke3 Qc5+ 18.Kd2 Qd4+ 19.Ke1 Nd3+ 20.Bxd3 Qxa1 21.Nf2 dxe4
22.fxe4 d5 23.exd5 exd5 24.g3 Ne4 25.Qa3 Rac8 26.Kf1 Rc3 27.Qb2 Qxb2 28.Nxb2 Ra3
29.Nxe4 Rxa2 30.Nc3 Rxb2 31.Nxd5 a5 32.h4 a4 33.h5 a3 34.h6 a2 35.Ne7+ Kh8
36.hxg7+ Kxg7 37.Rxh7+ Kf6  0-1

[Event "e2e4 Sunningdale Open"]
[Site "Ascot ENG"]
[Date "2013.05.25"]
[Round "2"]
[White "Sucikova,Svetlana"]
[Black "Peat,M"]
[Result "0-1"]
[WhiteElo "1901"]
[BlackElo "2094"]

1.c4 b6 2.d4 Bb7 3.Nc3 e6 4.e3 Bb4 5.Nf3 f5 6.Be2 Nf6 7.Bd2 O-O 8.Qb3 Be7
9.O-O-O a5 10.Rhg1 a4 11.Qc2 a3 12.b3 Na6 13.Kb1 Ne4 14.Rdf1 Nb4 15.Qc1 Nxc3+
16.Bxc3 Be4+ 17.Ka1 Nc2+ 18.Kb1 Nxd4+ 19.Ka1 Nxe2 20.Qd2 Nxc3 21.Qxc3 Bf6
22.Nd4 c5 23.f3 cxd4 24.exd4 Bc6 25.Qd3 d5  0-1

[Event "22nd TCh-CRO Cup 2013"]
[Site "Bol na Bracu CRO"]
[Date "2013.05.25"]
[Round "5.92"]
[White "Franciskovic,B"]
[Black "Bender,Z"]
[Result "1-0"]
[WhiteElo "2261"]
[BlackElo "2136"]

1.c4 b6 2.Nc3 f5 3.Nf3 Nf6 4.g3 Bb7 5.Bg2 e6 6.O-O Be7 7.d4 O-O 8.d5 Qc8
9.Nd4 a5 10.dxe6 Bxg2 11.Kxg2 dxe6 12.Qd3 Bc5 13.Nb3 Na6 14.Bf4 Rd8 15.Qf3 Bd6
16.Bg5 Be7 17.Rad1 h6 18.Rxd8+ Bxd8 19.Bf4 Nd7 20.Rd1 Ndc5 21.Be5 Be7 22.Nxc5 Bxc5
23.Qc6 Qe8 24.Qd7 Bf8 25.Qxe8 Rxe8 26.Rd7 Re7 27.Rd8 Nb4 28.Rc8 Nc6 29.Bd6 cxd6
30.Rxc6 Rb7 31.Nb5 d5 32.cxd5 exd5 33.e3 Kf7 34.Nc3 b5 35.Nxd5 a4 36.Rc7+ Rxc7
37.Nxc7 b4 38.b3 a3 39.h4 g5 40.hxg5 hxg5 41.Kf3 g4+ 42.Ke2 Kf6 43.Kd3 Ke5
44.Nb5 Bc5 45.Nc7 Bf8 46.Ke2 Ke4 47.Ne6 Bd6 48.Ng5+ Kd5 49.Kd3 Be7 50.e4+ fxe4+
51.Nxe4 Bd8 52.Nd2 Be7 53.Nc4  1-0

[Event "Grand Europe Open Albena"]
[Site "Albena BUL"]
[Date "2013.06.08"]
[Round "8.7"]
[White "Javakhadze,Z"]
[Black "Nabaty,T"]
[Result "0-1"]
[WhiteElo "2450"]
[BlackElo "2579"]

1.c4 b6 2.Nc3 Bb7 3.e4 e6 4.Nge2 Nf6 5.e5 Ng4 6.d4 Qh4 7.Ng3 Bb4 8.Be2 f5
9.Bf3 Nc6 10.a3 Bxc3+ 11.bxc3 O-O 12.Qe2 Nxh2 13.Kd1 Nxd4 14.Rxh2 Qxh2 15.cxd4 Bxf3
16.Qxf3 f4 17.Ne4 d6 18.Bb2 Rad8 19.Ke2 dxe5 20.dxe5 Qh4 21.Rc1 Rd7 22.c5 Rfd8
23.cxb6 axb6 24.Qh3 Qxh3 25.gxh3 Rd3 26.Ng5 Rd2+  0-1

[Event "Icelandic Open Championship 2013"]
[Site "Reykjavik ISL"]
[Date "2013.06.08"]
[Round "10.7"]
[White "Ptacnikova,L"]
[Black "Bergthorsson,J"]
[Result "1-0"]
[WhiteElo "2255"]
[BlackElo "2143"]

1.c4 b6 2.Nc3 Bb7 3.e4 e6 4.Nge2 Nf6 5.d3 c5 6.g3 Nc6 7.Bg2 Be7 8.O-O O-O
9.f4 d6 10.h3 Qc8 11.g4 Rd8 12.g5 Ne8 13.Ng3 g6 14.f5 Nc7 15.h4 Bf8 16.h5 Ne5
17.Bf4 exf5 18.exf5 gxf5 19.Bxb7 Qxb7 20.Nxf5 b5 21.b3 b4 22.Ne4 Ne6 23.Nf6+ Kh8
24.Qe2 Bg7 25.Bxe5 dxe5 26.Nxg7 Kxg7 27.h6+ Kh8 28.Qxe5 Qb8 29.Nd7+ Qxe5
30.Nxe5 Nxg5 31.Rf5 Rg8 32.Kh1 f6 33.Rxf6 Rae8 34.Re1 Rgf8 35.Nf7+ Nxf7 36.Rxe8 Rxe8
37.Rxf7 a6 38.Ra7 Kg8 39.Rxa6 Kf7 40.Ra5 Re5 41.Kg2 Kg6 42.Ra6+ Kg5 43.Kf3 Rf5+
44.Ke4 Rf4+ 45.Ke3 Rf5 46.d4 cxd4+ 47.Kxd4  1-0

[Event "National Open 2013"]
[Site "Las Vegas USA"]
[Date "2013.06.09"]
[Round "6"]
[White "Leon Hoyos,M"]
[Black "Robson,R"]
[Result "1/2-1/2"]
[WhiteElo "2568"]
[BlackElo "2619"]

1.c4 b6 2.Nc3 Bb7 3.e4 c5 4.g3 g6 5.Nge2 Bg7 6.d4 cxd4 7.Nxd4 Qc7 8.Bf4 d6
9.Nd5 Qd7 10.Nb5 Na6 11.Qa4 Nf6 12.Bh3 Qxh3 13.Nxd6+ Kf8 14.Nxb7 Nxd5 15.cxd5 Qg2
16.Ke2 b5 17.Qc2 Nb4 18.Qb1 Rc8 19.Rg1 Qxh2 20.Rc1 Bd4 21.Rxc8+ Kg7 22.Be5+ Bxe5
23.Rxh8 Qh5+ 24.Ke3 Kxh8 25.a3 Qg5+ 26.Kf3 Qf6+ 27.Kg2 Bxb2 28.axb4 Bxa1
29.Qd3 Bd4 30.f4 Qb6 31.Nd8 Bg1 32.Nxf7+ Kg7 33.Qf1 Kxf7 34.Qxg1 Qxg1+ 35.Kxg1 a5
36.bxa5 b4 37.d6 exd6 38.a6 b3 39.a7 b2 40.a8=Q b1=Q+ 41.Kg2 Qc2+ 42.Kh3 Qd1
43.Qa2+ Kg7 44.Qb2+ Kf7 45.Kh2  1/2-1/2

[Event "2nd Grand Europe Open 2013"]
[Site "Golden Sands BUL"]
[Date "2013.06.11"]
[Round "2.8"]
[White "Cvetkovic,Sr"]
[Black "Nabaty,T"]
[Result "0-1"]
[WhiteElo "2387"]
[BlackElo "2579"]

1.c4 b6 2.Nc3 Bb7 3.e4 e6 4.g3 f5 5.Bg2 Nf6 6.d3 Bb4 7.Ne2 fxe4 8.O-O O-O
9.dxe4 Bc5 10.h3 d6 11.a3 a5 12.Nd4 Qe8 13.Nb3 Qg6 14.Nxc5 bxc5 15.Re1 Nbd7
16.b3 Ne5 17.f4 Qxg3 18.fxe5 Ng4 19.Qxg4 Qxe1+ 20.Kh2 Qxc3 21.Qxe6+ Kh8  0-1

[Event "27th Pula Open 2013"]
[Site "Pula CRO"]
[Date "2013.06.12"]
[Round "6.9"]
[White "Lizak,P"]
[Black "Dudas,E"]
[Result "1/2-1/2"]
[WhiteElo "2420"]
[BlackElo "2258"]

1.c4 b6 2.Nc3 Bb7 3.Nf3 e6 4.g3 Nf6 5.Bg2 Be7 6.O-O O-O 7.d4 Ne4 8.Bd2 f5
9.Rc1 Bf6 10.Be1 Qe7 11.d5 Na6 12.Nd4 Nac5 13.Nxe4 Nxe4 14.b4 c5 15.Nb5 d6
16.bxc5 bxc5 17.dxe6 a6 18.Nc3 Qxe6 19.Nxe4 Bxe4 20.Bc3 Bxc3 21.Rxc3 Rad8
22.Qd2 d5 23.cxd5 Bxd5 24.Qc2 Bxg2 25.Kxg2 Rc8 26.Rd1 f4 27.Qd2 Rce8 28.Rc2  1/2-1/2

[Event "US Juniors 2013"]
[Site "Saint Louis USA"]
[Date "2013.06.14"]
[Round "1.3"]
[White "Shetty,A"]
[Black "Perez,Rob"]
[Result "1-0"]
[WhiteElo "2320"]
[BlackElo "2359"]

1.c4 b6 2.Nc3 Bb7 3.d4 e6 4.a3 f5 5.d5 Nf6 6.Bf4 Na6 7.Nf3 Bd6 8.Bxd6 cxd6
9.g3 exd5 10.cxd5 Nc7 11.Bg2 Ncxd5 12.Nxd5 Bxd5 13.O-O O-O 14.Qa4 Qe7 15.Rfd1 Bc6
16.Qb4 Rae8 17.e3 Ne4 18.Rd4 Kh8 19.Qe1 Qf7 20.Rad1 Rc8 21.Nd2 d5 22.Nb1 Bb7
23.Bxe4 fxe4 24.Nc3 Rc4 25.R4d2 Qf6 26.Qe2 Rfc8 27.Qh5 g6 28.Qg4 Qe6 29.Qg5 R4c5
30.Ne2 Kg7 31.Nf4 Qf6 32.Nh5+  1-0